000 02065cam a2200373 a 4500
999 _c7654
_d7654
001 16157675
003 GZU
005 20210512085709.0
008 100329s2011 cauab b 001 0 eng d
010 _a 2010925734
015 _aGBB098924
_2bnb
016 7 _a015630180
_2Uk
020 _a9780857023902 (pbk.)
035 _a(OCoLC)ocn723063007
040 _aNLE
_cNLE
_dILU
_dHVC
_dUAB
_dIUL
_dUKM
_dYDXCP
_dBWX
_dCDX
_dDLC
042 _alccopycat
050 0 0 _aHM621
_b.HER 2011
082 0 4 _a303.482
_222
245 0 0 _aHeritage, memory & identity /
_cedited by Helmut Anheier, Yudhishthir Raj Isar.
246 3 _aHeritage, memory and identity
260 _aThousand Oaks, Calif. ;
_aLondon :
_bSage Publications,
_c2011.
300 _axxiv, 416 p. :
_bill. (some col.), col. maps ;
_c25 cm.
490 1 _aThe cultures and globalization series ;
_v4
504 _aIncludes bibliographical references and index.
520 _a"Heritage, memory, and identity are closely connected keywords of our time, each endowed with considerable rhetorical power. Different human groups define certain objects and practices as 'heritage'; they envision heritage to reflect some form of collective memory, either lived or imagined; and they combine both to construct cultural identities. Today, the three terms raise conjoined issues of practice, policy and politics in an increasingly globalized world. Bringing together a truly global range of scholars, this volume explores heritage, memory, and identity through a diverse set of subjects, including heritage sites, practices of memorialization, museums, sites of contestation, and human rights."--Publisher description.
650 0 _aCulture and globalization.
650 0 _aArts and globalization.
700 1 _aAnheier, Helmut K.,
_d1954-
700 1 _aIsar, Yudhishthir Raj.
830 0 _aCultures and globalization series ;
_v4.
906 _a7
_bcbc
_ccopycat
_d2
_encip
_f20
_gy-gencatlg
942 _2lcc
_cBK
_h621
_iHER
_kHM